000 01219cam a22003251 4500
001 e 15001003
003 DLC
005 20260227111204.0
007 cr_|||||||||||
007 cr_|||||||||||
007 cr_|||||||||||
008 840808s1914 ilu 000 0 eng c
010 _ae 15001003
035 _a(OCoLC)11033910
040 _aLibrary, U.S. Bur. of Education
_cDNIE
_dDLC
042 _apremarc
043 _an-us-il
050 0 0 _aLB1861.C22
_bP2
100 1 _aParkinson, Daniel Baldwin,
_d1845-
245 0 2 _aA historical bulletin of the Southern Illinois state normal university.
_cby Daniel B. Parkinson ...
260 _aCarbondale, Ill.,
_bBureau of publicity,
_c1914.
300 _a103 p.
_c23 cm.
530 _aAlso available in digital form on the Internet Archive Web site.
530 _aAlso available in digital form on the Internet Archive Web site.
530 _aAlso available in digital form on the Internet Archive Web site.
610 2 0 _aSouthern Illinois University at Carbondale
_xHistory.
856 4 1 _uhttp://hdl.loc.gov/loc.gdc/scd0001.00214965446
856 4 1 _uhttp://hdl.loc.gov/loc.gdc/scd0001.00214965446
856 4 1 _uhttp://hdl.loc.gov/loc.gdc/scd0001.00214965446
999 _c19814
_d19814